000 00361nam a2200121Ia 4500
008 240731s9999 xx 000 0 und d
022 _a1744-1706
245 0 _aGlobal Public Health : An International Journal for Research, Policy and Practice
260 _bTaylor & Francis
856 _uhttps://www.tandfonline.com/loi/rgph20
942 _2ddc
942 _cTFEJ
999 _c76758
_d76758
945 _a1
_bMadushi Gamage
_c1
_dMadushi Gamage